[Event "EU-ch U14 Disney Girls"]
[Site "Paris"]
[Date "1994.??.??"]
[Round "1"]
[White "Bekker Jensen, Anders"]
[Black "Metslang, H."]
[Result "1-0"]
[WhiteElo "1995"]
[BlackElo "1995"]
[PlyCount "39"]
[EventDate "1994.??.??"]
[EventType "swiss (rapid)"]
[EventRounds "9"]
[EventCountry "FRA"]
[SourceTitle "EXT 2002"]
[Source "ChessBase"]
[SourceDate "2001.11.25"]
[SourceVersion "1"]
[SourceVersionDate "2001.11.25"]
[SourceQuality "1"]

1. e4 c5 2. Nf3 d6 3. d4 cxd4 4. Nxd4 Nf6 5. Nc3 a6 6. Bg5 e6 7. Bd3 Be7 8. Nf3 0-0 9. e5 dxe5 10. Nxe5 Nbd7 11. Qe2 Nxe5 12. Qxe5 Nd7 13. Qe4 g6 14. Bh6 Re8 15. 0-0-0 Bg5+ 16. Bxg5 Qxg5+ 17. Kb1 Nc5 18. Qf3 Qe7 19. Rhe1 Bd7 20. Nd5 1-0